| 000 | 01833nam a2200349 i 4500 | ||
|---|---|---|---|
| 001 | 768714001 | ||
| 003 | CO-MdFUSB | ||
| 005 | 20240626093831.0 | ||
| 007 | ta | ||
| 008 | 230330t2001 -us||||f |||| 00| 0 eng d | ||
| 020 | _a1587430193 | ||
| 040 |
_aCO-MdFUSB _bspa _cCO-MdFUSB _dCO-MdFUSBC _erda |
||
| 041 | _aeng | ||
| 082 |
_223 _a241 _bL848g |
||
| 100 |
_aLong, D. Stephen _eautor |
||
| 245 | 1 | 4 |
_aThe goodness of God _b: theology, church, and the social order _c/ D. Stephen Long |
| 264 | 1 |
_aGrand Rapids, Michigan ; _bBrazos Press, _c2001 |
|
| 264 | 4 | _c©2001 | |
| 300 |
_a336 páginas _c; 23 cm |
||
| 336 |
_2rdacontent _atexto _btxt |
||
| 337 |
_2rdamedia _asin mediación _bn |
||
| 338 |
_2rdacarrier _avolumen _bnc |
||
| 504 | _aIncluye índices | ||
| 505 |
_tParte I: La subordinación de la ética a la teología:
_aMás allá del mal y hacia un bien (encantado). -- El bien y el mal a la luz de "Los aparatos soporíferos" Al quedar atrapado. -- Quedarse atrapado en lo trágico. -- Más allá del mal. -- Hacia un bien encantador; estar atrapado en una búsqueda de Dios. -- Visiones competitivas/misiones alternativas. -- La revolución ética de Kant contra la religión: la búsqueda de la libertad. |
||
| 505 |
_tParte II: La iglesia y otros organismos sociales: _aEcclesia: ordenar los deseos. -- La formación de los doce: una nueva creación. -- Fracaso de la iglesia. -- El escándalo de la desunión como marca de la Iglesia. -- El correcto ordenamiento de las formaciones sociales y la no necesidad de la Iglesia. -- La obediencia como recto deseo, las virtudes sobrenaturales. -- Vicios mortales. -- Dones y bienaventuranzas. |
||
| 563 | _aRústica | ||
| 650 | 7 |
_aÉtica cristiana _9185 |
|
| 650 | 0 |
_9180 _aTeología práctica |
|
| 942 | _cBK | ||
| 945 | _aAF | ||
| 999 |
_c68674 _d68674 |
||